Vie d´Elisabeth Fry (Record no. 6029)
[ view plain ]
| 000 -CABECERA | |
|---|---|
| campo de control de longitud fija | 00759nam a2200217 a 4500 |
| 001 - NÚMERO DE CONTROL | |
| campo de control | BRCA_6343 |
| 005 - FECHA Y HORA DE LA ÚLTIMA TRANSACCIÓN | |
| campo de control | 20190321142924.0 |
| 008 - DATOS DE LONGITUD FIJA--INFORMACIÓN GENERAL | |
| campo de control de longitud fija | 160811s1850----fr-ac#####---#000-0#fre-# |
| 041 ## - CÓDIGO DE LENGUA | |
| Código de lengua del texto/banda sonora o título independiente | fre |
| 044 ## - CÓDIGO DEL PAÍS DE LA ENTIDAD EDITORA/PRODUCTORA | |
| Código MARC del país | fr |
| 050 #4 - SIGNATURA TOPOGRÁFICA DE LA BIBLIOTECA DEL CONGRESO | |
| Número de documento/Ítem | .F79 1850 |
| 100 1# - ENTRADA PRINCIPAL--NOMBRE DE PERSONA | |
| Nombre de persona | Fry, Élisabeth |
| Fechas asociadas al nombre | 1780-1845 |
| 9 (RLIN) | 15905 |
| 245 10 - MENCIÓN DE TÍTULO | |
| Título | Vie d´Elisabeth Fry |
| Resto del título | extraite des Mémoires publiés par deux de ses filles enrichie de matériaux inédits, par l´auteur des biographies d´Albert de Haller, Jean-Gaspard Lavater, etc. |
| 260 ## - PUBLICACIÓN, DISTRIBUCIÓN, ETC. | |
| Lugar de publicación, distribución, etc. | París |
| Nombre del editor, distribuidor, etc. | [Beroud et Susanne Guers] |
| Fecha de publicación, distribución, etc. | 1850 |
| 300 ## - DESCRIPCIÓN FÍSICA | |
| Extensión | 643 p. |
| Otras características físicas | il., retrato |
| Dimensiones | 24 cm. |
| 500 ## - NOTA GENERAL | |
| Nota general | Incluye un retrato de Elisabeth Fry |
| 500 ## - NOTA GENERAL | |
| Nota general | Estado físico: manchas en la portada |
| 500 ## - NOTA GENERAL | |
| Nota general | K111 |
| -- | Biografía |
| 902 ## - CATALOGADOR | |
| Iniciales | GFM |
| 942 ## - ELEMENTOS DE PUNTO DE ACCESO ADICIONAL (KOHA) | |
| Fuente del sistema de clasificación o colocación | Library of Congress Classification |
| Tipo de ítem Koha | Libros |
| Estado de retiro | Estado de pérdida | Estado dañado | No para préstamo | Localización permanente | Ubicación/localización actual | Fecha de adquisición | Número de inventario | Total de préstamos | Signatura topográfica completa | Código de barras | Fecha visto por última vez | Precio válido a partir de | Tipo de ítem Koha |
|---|---|---|---|---|---|---|---|---|---|---|---|---|---|
| El ejemplar forma parte de la colección y puede ser consultado según las políticas vigentes. | Biblioteca del Museo Franz Mayer (Rogerio Casas-Alatriste) | Biblioteca del Museo Franz Mayer (Rogerio Casas-Alatriste) | 16/08/2011 | K111 | .F79 1850 (K111) | 6790 | 22/03/2019 | 22/03/2019 | Libros |